000 00882nam0a22002531 4500
001 rc\3359993
005 20260406094103.0
021 _aRU
_b[72-75950]
035 _a(NLR Aleph) 007441319
090 _a7118570
_c7118570
100 _a20130115d1972 |||y0rusy50 ca
101 0 _arus
102 _aRU
105 _aa z |||a|
200 1 _aПривередники
_e[Стихи
_eДля ст. дошкольного возраста
_fИл.: Е. Медведев
210 _aМосква]
_cМалыш
_d1972
215 _a[19] с.
_cил.
_d27
700 1 _aЛибин
_bМ.Н.
_f1940-
_gМихаил Нисонович
702 1 _4440
_7ca
_8rus
_aМедведев
_bЕ. А.
_cхудожник
_f1934-
_gЕвгений Алексеевич
_951220
_3RU\NLR\AUTH\7768292
801 0 _aRU
_bNLR
_gpsbo
801 1 _aRU
_bELAR
_2rusmarc
852 _aNLR
_j72-8/1879
942 _cBOOK
980 _aNB